000 00629cam a22002293a 4500
001 4204
003 PGUSA
005 20140828083050.0
008 030701s2003||||xxu|||||s|||||000 | eng d
040 _aPGUSA
_beng
042 _adc
050 4 _aQE
100 1 _aNorton, William Harmon,
_d1856-1944
245 1 4 _aThe Elements of Geology
_h[electronic resource] /
_cWilliam Harmon Norton
260 _bProject Gutenberg,
_c2003
506 _aPublic domain in the USA.
516 _aElectronic text
653 _aGeology
830 0 _aProject Gutenberg
_v4204
856 4 0 _uhttp://www.gutenberg.org/ebooks/4204
942 _cEB
999 _c233533
_d233533